Statistics for Chris Brown Charting Songs (Billboard Hot 100)

Click here to take the quiz!

General Stats

  • This quiz has been taken 274 times
    (10 since last reset)
  • The average score is 41 of 118

Answer Stats

AlbumWeeks OnPeakArtist(s)Song% Correct
Slime and B52 Weeks#3Chris Brown & Young ThugGo Crazy
100%
Non-Album Single20 Weeks#8Lil Dicky ft. Chris BrownFreaky Friday
90%
Exclusive26 Weeks#1 (3 Weeks)Chris Brown ft. T-PainKiss Kiss
90%
Jordin Sparks35 Weeks#3Jordin Sparks Duet with Chris BrownNo Air
90%
Indigo46 Weeks#5Chris Brown ft. DrakeNo Guidance
90%
Exclusive29 Weeks#2Chris BrownWith You
90%
Chris Brown38 Weeks#1 (5 Weeks)Chris Brown ft. Juelz SantanaRun It!
80%
Chixtape 51 Week#66Tory Lanez ft. Chris BrownThe Take
80%
Fan of a Fan: The Album20 Weeks#21Chris Brown & TygaAyo
70%
F.A.M.E.27 Weeks#14Chris Brown ft. Tyga & Kevin McCallDeuces
70%
Indigo20 Weeks#36Chris Brown ft. GunnaHeat
70%
F.A.M.E.27 Weeks#6Chris Brown ft. Lil Wayne & Busta RhymesLook At Me Now
70%
X36 Weeks#9Chris Brown ft. Lil Wayne & French Montana or Too $hort & TygaLoyal
70%
X22 Weeks#27Chris Brown ft. Usher & Rick RossNew Flame
70%
Sex Playlist37 Weeks#13Omarion ft. Chris Brown & Jhene AikoPost To Be
70%
Chris Brown23 Weeks#10Chris BrownSay Goodbye
70%
F.A.M.E.24 Weeks#15Chris BrownYeah 3X
70%
Exclusive33 Weeks#2Chris BrownForever
60%
Graffiti19 Weeks#20Chris Brown ft. Lil Wayne & Swizz BeatzI Can Transform Ya
60%
The Pinkprint25 Weeks#12Nicki Minaj ft. Drake, Lil Wayne & Chris BrownOnly
60%
Heartbreak On A Full Moon20 Weeks#40Chris Brown ft. Usher & Gucci ManeParty
60%
11:118 Weeks#71Chris Brown ft. Davido & LojaySensational
60%
Heartbreak On A Full Moon4 Weeks#88Chris BrownTempo
60%
Chris Brown21 Weeks#7Chris BrownYo (Excuse Me Miss)
60%
Dreams Worth More Than Money20 Weeks#21Meek Mill ft. Chris Brown & Nicki MinajAll Eyes On You
50%
Royalty20 Weeks#20Chris BrownBack To Sleep
50%
Non-Album Single11 Weeks#71Pia Mia ft. Chris Brown & TygaDo It Again
50%
Major Key20 Weeks#27DJ Khaled ft. Nicki Minaj, Chris Brown, August Alsina, Jeremih, Future & Rick RossDo You Mind
50%
X16 Weeks#31Chris BrownFine China
50%
X26 Weeks#23Chris Brown ft. Nicki MinajLove More
50%
F.A.M.E.3 Weeks#26Chris Brown ft. Justin BieberNext To You
50%
Heartbreak On A Full Moon20 Weeks#46Chris Brown ft. Yo Gotti, A Boogie wit Da Hoodie & Kodak BlackPills and Automobiles
50%
Heartbreak On A Full Moon17 Weeks#62Chris BrownPrivacy
50%
Fortune20 Weeks#37Chris Brown ft. Kevin K-MAC McCallStrip
50%
Exclusive20 Weeks#43Chris BrownTake You Down
50%
Indigo (Extended)41 Weeks#12Chris BrownUnder the Influence
50%
Back 2 Life18 Weeks#52Sean Kingston ft. Chris Brown & Wiz KhalifaBeat It
40%
The Plan15 Weeks#79DaniLeigh ft. Chris BrownEasy
40%
Chris Brown20 Weeks#15Chris Brown ft. Lil WayneGimme That
40%
I Changed A Lot20 Weeks#39DJ Khaled ft. Chris Brown, August Alsina, Future & JeremihHold You Down
40%
Planet Pit26 Weeks#13Pitbull ft. Chris BrownInternational Love
40%
Royalty17 Weeks#60Chris BrownLiquor
40%
Royalty1 Week#91Chris BrownLittle More (Royalty)
40%
My Own Lane20 Weeks#60Kid Ink ft. Chris BrownMain Chick
40%
F.A.M.E.18 Weeks#62Chris BrownNo BS
40%
Dark Lane Demo Tapes1 Week#25Drake ft. Chris BrownNot You Too
40%
Dark Sky Paradise14 Weeks#84Big Sean ft. Chris Brown & Ty Dolla $ignPlay No Games
40%
Breezy1 Week#78Chris Brown ft. Jack HarlowPsychic
40%
My Own Lane31 Weeks#13Kid Ink ft. Chris BrownShow Me
40%
Royalty2 Weeks#80Chris BrownZero
40%
Moon Boy20 Weeks#56Yung Bleu ft. Chris Brown & 2 ChainzBaddest
30%
Revolver20 Weeks#33T-Pain ft. Chris BrownBest Love Song
30%
Blood, Sweat & Tears13 Weeks#65Ace Hood ft. Chris BrownBody 2 Body
30%
Back Of My Mind18 Weeks#64H.E.R. ft. Chris BrownCome Through
30%
Fortune20 Weeks#67Chris BrownDon't Judge Me
30%
Fortune28 Weeks#10Chris BrownDon't Wake Me Up
30%
Music Inspired by More Than A Game17 Weeks#38Ester Dean ft. Chris BrownDrop It Low
30%
Globalization15 Weeks#40Pitbull ft. Chris BrownFun
30%
Heartbreak On A Full Moon4 Weeks#71Chris BrownGrass Ain't Greener
30%
Full Speed1 Week#96Kid Ink ft. Chris BrownHotel
30%
Tee's Coney Island2 Weeks#98Tee Grizzley, Mariah The Scientist & Chris BrownIDGAF
30%
Finally Famous21 Weeks#30Big Sean ft. Chris BrownMy Last
30%
Chris Brown20 Weeks#42Chris Brown ft. Jay BizPoppin'
30%
F.A.M.E.20 Weeks#27Chris BrownShe Ain't You
30%
Angels & Demons1 Week#91Joyner Lucas & Chris BrownStranger Things
30%
This Christmas Soundtrack5 Weeks#62Chris BrownThis Christmas
30%
Fortune20 Weeks#10Chris BrownTurn Up The Music
30%
Indigo12 Weeks#35Chris BrownUndecided
30%
Exclusive9 Weeks#79Chris BrownWall to Wall
30%
F.A.M.E.10 Weeks#77Chris Brown ft. LudacrisWet The Bed
30%
Breezy1 Week#92Chris Brown ft. Lil BabyAddicted
20%
Non-Album Single6 Weeks#80Fat Joe ft. Chris BrownAnother Round
20%
Too Cool to Care19 Weeks#38New Boyz ft. Chris BrownBetter With The Lights Off
20%
Talk That Talk20 Weeks#24Rihanna ft. Chris BrownBirthday Cake
20%
Jesus Piece12 Weeks#81The Game ft. Chris Brown, Tyga, Wiz Khalifa & Lil WayneCelebration
20%
Graffiti9 Weeks#53Chris BrownCrawl
20%
Indigo1 Week#67Chris Brown ft. Justin Bieber & InkDon't Check On Me
20%
X2 Weeks#81Chris Brown ft. AaliyahDon't Think They Know
20%
Thr33 Ringz10 Weeks#38T-Pain ft. Chris BrownFreeze
20%
The Greatest Story Ever Told21 Weeks#16David Banner ft. Chris BrownGet Like Me
20%
Heartbreak On A Full Moon2 Weeks#82Chris Brown ft. Future & Young ThugHigh End
20%
Call Me Crazy, But...20 Weeks#30Sevyn Streeter ft. Chris BrownIt Won't Stop
20%
Father of Asahd1 Week#57DJ Khaled ft. Chris Brown, Lil Wayne & Big SeanJealous
20%
Breezy1 Week#98Chris Brown ft. Lil Wayne & BLEUPossessive
20%
Heartbreak On A Full Moon13 Weeks#78Chris BrownQuestions
20%
Pink Friday: Roman Reloaded15 Weeks#51Nicki Minaj ft. Chris BrownRight By My Side
20%
VYP (Voice of the Young People)12 Weeks#10Lil Mama ft. Chris Brown & T-PainShawty Get Loose
20%
The Price of Fame21 Weeks#9Bow Wow ft. Chris Brown & Johnta AustinShortie Like Mine
20%
Black Market1 Week#97Rick Ross ft. Chris BrownSorry
20%
11:114 Weeks#93Chris BrownSummer Too Hot
20%
Wins & Losses13 Weeks#51Meek Mill ft. Chris Brown & Ty Dolla $ignWhatever You Need
20%
Quality Street Music 214 Week#77DJ Drama ft. Chris Brown, Skeme & LyQuinWishing
20%
Faith3 Weeks#64Pop Smoke ft. Chris BrownWoo Baby
20%
X1 Week#98Chris BrownX
20%
F.A.M.E.4 Weeks#43Chris Brown ft. Benny BenassiBeautiful People
10%
Breezy1 Week#76Chris Brown ft. WizkidCall Me Every Day
10%
AT&T TEAM USA soundtrack2 Weeks#16Chris BrownDreamer
10%
These Things Happen1 Week#98G-Eazy ft. Chris Brown & Tory LanezDrifting
10%
I Changed A Lot15 Weeks#68DJ Khaled ft. Chris Brown, Lil Wayne & Big SeanHow Many Times
10%
Nothing but the Beat14 Weeks#44David Guetta ft. Chris Brown & Lil WayneI Can Only Imagine
10%
Non-Album Single1 Week#90Marshmello, Tyga & Chris BrownLight It Up
10%
The Perfect Storm14 Weeks#71Twista ft. Chris BrownMake A Movie
10%
Two Eleven14 Weeks#65Brandy ft. Chris BrownPut It Down
10%
Non-Album Single3 Weeks#93Zendaya ft. Chris BrownSomething New
10%
Fortune1 Week#89Chris BrownSweet Love
10%
Kiss The Ring20 Weeks#58DJ Khaled ft. Chris Brown, Rick Ross, Nicki Minaj & Lil WayneTake It To The Head
10%
Graffiti1 Week#88Chris Brown ft. PliesWhat I Do
10%
Theater of the Mind14 Weeks#33Ludacris Co-Starring Chris Brown & Sean GarrettWhat Them Girls Like
10%
Forget The World3 Weeks#88Afrojack ft. Chris BrownAs Your Friend
0%
DS4Ever1 Week#92Gunna & Chris Brown ft. Yung Bleudie alone
0%
No Mercy1 Week#70T.I. ft. Chris BrownGet Back Up
0%
Breezy8 Weeks#71Chris BrownIffy
0%
Donda1 Week#68Kanye West ft. Chris BrownNew Again
0%
These Things Happen Too1 Week#64G-Eazy ft. Chris Brown & Mark MorrisonProvide
0%
Loso's Way 2: Rise to Power8 Weeks#93Fabolous ft. Chris BrownReady
0%
Heroes & Villains24 Weeks#8Metro Boomin', Future & Chris BrownSuperhero (Heroes & Villains)
0%
Breezy1 Week#79Chris BrownWE (Warm Embrace)
0%
Hollywood: A Story of a Dozen Roses2 Weeks#93Jamie Foxx ft. Chris BrownYou Changed Me
0%

Score Distribution

Percentile by Number Answered

Percent of People with Each Score

Your Score History

You have not taken this quiz since the last reset